<?xml version="1.0" encoding="UTF-8"?>
<collection xmlns="http://www.loc.gov/MARC21/slim">
 <record>
  <leader>00436pamaa2200145   4500</leader>
  <controlfield tag="001">0000033956</controlfield>
  <controlfield tag="005">20050922090000.0</controlfield>
  <datafield tag="020" ind1="0" ind2="0">
   <subfield code="a">1870167295 </subfield>
  </datafield>
  <datafield tag="082" ind1=" " ind2=" ">
   <subfield code="a">302.2 MCL</subfield>
  </datafield>
  <datafield tag="090" ind1="0" ind2="0">
   <subfield code="a">P94.6 </subfield>
   <subfield code="b">MCL</subfield>
  </datafield>
  <datafield tag="100" ind1="1" ind2="0">
   <subfield code="a">MCLAREN </subfield>
  </datafield>
  <datafield tag="245" ind1="1" ind2="0">
   <subfield code="a">Interpreting cultural differences : </subfield>
   <subfield code="b">the challenge of intercultural communication  </subfield>
   <subfield code="c">Margaret C. McLaren.</subfield>
  </datafield>
  <datafield tag="260" ind1="0" ind2="0">
   <subfield code="a">Norflok: </subfield>
   <subfield code="b">Peter Francis Publisgers, </subfield>
   <subfield code="c">1998.</subfield>
  </datafield>
  <datafield tag="300" ind1=" " ind2=" ">
   <subfield code="a">xii, 212p.; </subfield>
   <subfield code="c">24cm.</subfield>
  </datafield>
  <datafield tag="650" ind1="0" ind2="0">
   <subfield code="a">Communication </subfield>
  </datafield>
 </record>
</collection>
